ბათუმის შოთა რუსთაველის სახელმწიფო უნივერსიტეტის ბიბლიოთეკა

Египетская пластика малых форм / (ბიბ.ჩანაწერი № 60745)

000 -LEADER
fixed length control field 00980nam a22002057a 4500
005 - DATE AND TIME OF LATEST TRANSACTION
control field 20231018161533.0
008 - FIXED-LENGTH DATA ELEMENTS--GENERAL INFORMATION
fixed length control field 231018s1985 ru ||||| |||| 00| 0 rus d
041 ## - LANGUAGE CODE
Language code of text/sound track or separate title rus
080 ## - UNIVERSAL DECIMAL CLASSIFICATION NUMBER
Universal Decimal Classification number 730(32) П-12
100 ## - MAIN ENTRY--PERSONAL NAME
Personal name Павлов, Всеволод Владимирович
9 (RLIN) 20109
245 ## - TITLE STATEMENT
Title Египетская пластика малых форм /
Statement of responsibility, etc. В.В. Павлов, С.И. Ходжаш; Редактор К.Г. Глонти.
264 ## - PRODUCTION, PUBLICATION, DISTRIBUTION, MANUFACTURE, AND COPYRIGHT NOTICE
Place of production, publication, distribution, manufacture Москва :
Name of producer, publisher, distributor, manufacturer Искусство,
Date of production, publication, distribution, manufacture, or copyright notice 1985.
300 ## - PHYSICAL DESCRIPTION
Extent 117 с.:
Other physical details ил. ;
Dimensions 28 см.
500 ## - GENERAL NOTE
General note ბიბლიოგრაფია შენიშვნებში: გვ. 96-102.
521 ## - TARGET AUDIENCE NOTE
Target audience note შენიშვნები: გვ. 96-102.
Source რეზიუმე ინგლისურ ენაზე.
653 ## - INDEX TERM--UNCONTROLLED
keyword ქანდაკება
653 ## - INDEX TERM--UNCONTROLLED
keyword ძველი ეგვიპტე
700 ## - ADDED ENTRY--PERSONAL NAME
Personal name Ходжаш, Светлана Измайловна
Relator term ავტორი
9 (RLIN) 20110
942 ## - ADDED ENTRY ELEMENTS (KOHA)
Source of classification or shelving scheme
Koha item type წიგნი
ეგზემპლარები
Withdrawn status Lost status Source of classification or shelving scheme Damaged status Not for loan Permanent Location Current Location Shelving location Date acquired Cost, normal purchase price Full call number Barcode Date last seen Copy number Uniform Resource Identifier Price effective from Koha item type Public note
          ბათუმის შოთა რუსთაველის სახელმწიფო უნივერსიტეტის მთავარი ბიბლიოთეკა ბათუმის შოთა რუსთაველის სახელმწიფო უნივერსიტეტის მთავარი ბიბლიოთეკა წიგნსაცავი 2023-10-18 12.00 730(32) П-12 65325 2023-10-18 65325 ბსუ-ს საპატიო დოქტორის გურამ ლორთქიფანიძის საჩუქარი 2023-10-18 წიგნი 12 ლ.